000 00494pab a2200181 454500
008 180718b1997 xxu||||| |||| 00| 0 eng d
100 _aBhuiya, Abbas
245 _aThe effect of divorce on child survival in a rural area of Bangladesh
260 _c1997
300 _ap.57-61
362 _aMar
650 _aDivorce - Bangladesh
650 _aChild welfare - Bangladesh
650 _aSocial problems
700 _aChowdhury, Mushtaque
773 _aPopulation Studies
909 _a33816
999 _c33816
_d33816